000 00883nam a22002777a 4500
001 BR9901870
003 BR-BrBNA
005 20230928100243.0
007 ta
008 230509b bl.||||| |||| 00| 0 por d
040 _aBR-BrBNA
_bpor
_cBiblioteca Nacional de Agricultura
041 _a(Por)
072 _aH20
_b4120
090 _ 4120 BR9901870
100 1 _aPascon, R.C.
110 1 _aEscola Superior de Agricultura Luiz de Queiroz, Piracicaba, SP (Brasil)
_0Tese (Doutor em Agronomia)
245 1 _aAnalise genetica, citologica e molecular de mutantes que afetam a morfogenese em Aspergillus nidulans
260 3 _aPiracicaba, SP (Brasil):
_c1998.
300 _a132 p.
500 _aSummaries (Eng, Por); Bibliography p. 118-130; 10 illus.
650 _aFungo
650 _aMutante
650 _aMorfogenese
909 _a202309
_bLucia
_c55
_dLucia Elande
942 _cBK
999 _c60729
_d60729